Software testing tools (Record no. 195743)

MARC details
000 -LEADER
fixed length control field 00467nam a2200181Ia 4500
008 - FIXED-LENGTH DATA ELEMENTS--GENERAL INFORMATION
fixed length control field 231217s9999 xx 000 0 und d
020 ## - INTERNATIONAL STANDARD BOOK NUMBER
International Standard Book Number 81-89731-17-3
041 ## - LANGUAGE CODE
Language code of text/sound track or separate title English
082 ## - DEWEY DECIMAL CLASSIFICATION NUMBER
Classification number 001.6424 PRA;3 R1
100 ## - MAIN ENTRY--PERSONAL NAME
Personal name Prasad, K V K K.
245 #0 - TITLE STATEMENT
Title Software testing tools
250 ## - EDITION STATEMENT
Edition statement 1st ed.
260 ## - PUBLICATION, DISTRIBUTION, ETC.
Date of publication, distribution, etc. 2008
Name of publisher, distributor, etc. ISTE
Place of publication, distribution, etc. Bangalore
300 ## - PHYSICAL DESCRIPTION
Extent xi, 164
400 ## - SERIES STATEMENT/ADDED ENTRY--PERSONAL NAME [OBSOLETE, CAN/MARC], [LOCAL, USA]
Personal name ISTE-WPLP learning material series
650 ## - SUBJECT ADDED ENTRY--TOPICAL TERM
Topical term or geographic name entry element Software,testing,tools
942 ## - ADDED ENTRY ELEMENTS (KOHA)
Koha item type Books
Holdings
Date last seen Total checkouts Full call number Accession number Cost, total (INR) price Price effective from Category Lost status Damaged status Department Withdrawn status Home library Current library Shelving location Entry date Vendor Cost, normal purchase price Grants Billnumber Billdate Currency symbol Conversion rate Discount Old discount
26/01/2024   001.6424 PRA;3 R1 87032 392.00 26/01/2024 Books     Central Library   Central Library Central Library Central Library 26/08/2013 ISTE 490.00 TEQUIP ISTE-WPLP/LM/2012-13/419 09/02/2022 RS 1 98 20

© For any Suggestions or Query, please contact the library staff @ librarian@pes.edu or Phone: +9180 2672 1983/ 2108.